[Event "Horse and Buggy 2"]
[Site "Elmira CAN"]
[Date "2022.09.10"]
[Round "3.3"]
[White "Guan, Daniel"]
[Black "Aniunoh, Chike"]
[Result "0-1"]
[WhiteElo "1310"]
[BlackElo "2205"]
[PlyCount "84"]
[EventDate "2022.09.10"]
[EventType "swiss"]
[EventRounds "5"]
[EventCountry "CAN"]

1. d4 Nf6 2. c4 c5 3. d5 b5 4. cxb5 a6 5. b6 d6 6. Nc3 Nbd7 7. e4 g6 8. Nf3 Bg7
9. Bd3 O-O 10. O-O Nxb6 11. Qe2 a5 12. a4 Ne8 13. Rd1 Nc7 14. Be3 Ba6 15. Nd2
Qd7 16. Bxa6 Nxa6 17. Nc4 Nxc4 18. Qxc4 Rfb8 19. Qa2 Qb7 20. Nb5 Nc7 21. Nxc7
Qxc7 22. Rab1 Rb4 23. f3 Rab8 24. Rd2 Rb3 25. Bf2 Qb7 26. Be1 Bc3 27. Rc2 Bxe1
28. Rxe1 Rxb2 29. Rxb2 Qxb2 30. Re2 Qd4+ 31. Kf1 Rb4 32. g3 Rxa4 33. Qb3 Ra1+
34. Re1 Rxe1+ 35. Kxe1 Qb4+ 36. Qxb4 cxb4 37. Kd1 a4 38. Kc2 b3+ 39. Kb2 f5 40.
Ka3 fxe4 41. fxe4 Kg7 42. Kxa4 b2 0-1

[Event "Horse and Buggy 2"]
[Site "Elmira CAN"]
[Date "2022.09.10"]
[Round "3.4"]
[White "Liu, Henry"]
[Black "Qian, Eric"]
[Result "1-0"]
[WhiteElo "2029"]
[BlackElo "1975"]
[PlyCount "107"]
[EventDate "2022.09.10"]
[EventType "swiss"]
[EventRounds "5"]
[EventCountry "CAN"]

1. d4 d5 2. Bf4 Nf6 3. e3 e6 4. Nd2 Bd6 5. Ngf3 O-O 6. Ne5 b6 7. c3 Bb7 8. Bd3
c5 9. Qf3 h6 10. g4 Nc6 11. Nxc6 Bxc6 12. h4 Bxf4 13. Qxf4 Qb8 14. Qxb8 Rfxb8
15. g5 hxg5 16. hxg5 Nd7 17. f4 g6 18. Kf2 Kg7 19. Rh6 Rh8 20. Rah1 Rag8 21.
Nf3 Nf8 22. Ne5 Be8 23. Ng4 Bc6 24. Ne5 Be8 25. dxc5 bxc5 26. e4 Rh7 27. b4
cxb4 28. cxb4 dxe4 29. Bxe4 Rgh8 30. Rxh7+ Nxh7 31. Rc1 f6 32. Rc7+ Kg8 33.
Nxg6 Bxg6 34. Bxg6 fxg5 35. Bxh7+ Rxh7 36. Rxh7 Kxh7 37. a4 gxf4 38. b5 Kg6 39.
a5 Kf5 40. b6 axb6 41. axb6 e5 42. b7 e4 43. b8=Q e3+ 44. Kf3 e2 45. Qxf4+ Ke6
46. Kxe2 Kd5 47. Kd3 Kc6 48. Qe5 Kb6 49. Qd5 Kc7 50. Qe6 Kb7 51. Qd6 Kc8 52.
Qe7 Kb8 53. Qd7 Ka8 54. Kc4 1-0

[Event "Horse and Buggy 2"]
[Site "Elmira CAN"]
[Date "2022.09.10"]
[Round "3.5"]
[White "Deshpande, Sarthak"]
[Black "Oancea, Nicolae"]
[Result "1-0"]
[WhiteElo "1908"]
[BlackElo "2084"]
[PlyCount "95"]
[EventDate "2022.09.10"]
[EventType "swiss"]
[EventRounds "5"]
[EventCountry "CAN"]

1. d4 d5 2. c4 dxc4 3. e3 e6 4. Bxc4 Nf6 5. Nc3 a6 6. a4 Bb4 7. Bd2 O-O 8. Nf3
b6 9. Ne4 Be7 10. Bd3 Bb7 11. Qc2 Nbd7 12. Nxf6+ Nxf6 13. e4 h6 14. a5 Rc8 15.
axb6 cxb6 16. Qb1 b5 17. O-O Qd7 18. Re1 Qc7 19. Ne5 Qd6 20. Nf3 Qb8 21. Qd1
Bd8 22. Bb4 Re8 23. Bc5 Bc7 24. b4 Nd7 25. Bc2 Rcd8 26. e5 Nxc5 27. bxc5 Bxf3
28. gxf3 f5 29. Rxa6 Qb7 30. Ra3 Re7 31. Bb3 Kh8 32. Ra2 Red7 33. d5 exd5 34.
Qc2 g6 35. c6 Qc8 36. cxd7 Rxd7 37. e6 Re7 38. Bxd5 Kh7 39. Qb2 Bb8 40. Qd4 Qc7
41. f4 Qd6 42. Ra8 g5 43. Qf6 gxf4 44. Rxb8 Rg7+ 45. Qxg7+ Kxg7 46. e7 Qg6+ 47.
Kf1 Qg4 48. Rg8+ 1-0

[Event "Horse and Buggy 2"]
[Site "Elmira CAN"]
[Date "2022.09.10"]
[Round "3.6"]
[White "Lu, Tony"]
[Black "Hua, Michelle"]
[Result "1-0"]
[WhiteElo "1812"]
[BlackElo "2034"]
[PlyCount "53"]
[EventDate "2022.09.10"]
[EventType "swiss"]
[EventRounds "5"]
[EventCountry "CAN"]

1. e4 c5 2. Nc3 d6 3. d4 cxd4 4. Qxd4 Nc6 5. Qd2 g6 6. b3 Bg7 7. Bb2 Nf6 8.
O-O-O O-O 9. Kb1 Bd7 10. f3 Qa5 11. Nge2 b5 12. g4 b4 13. Nd5 Nxd5 14. Bxg7
Kxg7 15. exd5 Ne5 16. Nd4 Qb6 17. h4 a5 18. h5 Rh8 19. Be2 f6 20. Qe3 Qd8 21.
f4 Nf7 22. Bf3 Rc8 23. Rde1 Re8 24. hxg6 hxg6 25. g5 f5 26. Ne6+ Bxe6 27. dxe6
1-0

[Event "Horse and Buggy 2"]
[Site "Elmira CAN"]
[Date "2022.09.10"]
[Round "3.7"]
[White "Demchenko, Kyrylo"]
[Black "Joseph, Jonath"]
[Result "1/2-1/2"]
[WhiteElo "2083"]
[BlackElo "1709"]
[PlyCount "113"]
[EventDate "2022.09.10"]
[EventType "swiss"]
[EventRounds "5"]
[EventCountry "CAN"]

1. e4 e5 2. Nf3 Nc6 3. Bb5 a6 4. Ba4 d6 5. Bxc6+ bxc6 6. d4 exd4 7. Nxd4 c5 8.
Ne2 Bb7 9. Nbc3 Nf6 10. f3 g6 11. O-O Bg7 12. Bg5 h6 13. Bh4 O-O 14. Qd2 Nxe4
15. fxe4 Qxh4 16. Rf4 Qe7 17. Raf1 Be5 18. R4f3 Bg7 19. Ng3 f5 20. Nd5 Qe5 21.
Nxc7 Rac8 22. Nd5 fxe4 23. Rxf8+ Rxf8 24. Rxf8+ Kxf8 25. Nb6 Qd4+ 26. Qxd4
Bxd4+ 27. Kf1 Bxb2 28. Nc4 Be5 29. Nxe5 dxe5 30. Ke2 e3 31. Kxe3 Bxg2 32. Ne4
c4 33. Nc5 Ke7 34. Nxa6 Kd6 35. c3 h5 36. Nb4 g5 37. Nc2 Kc5 38. Kf2 Be4 39.
Ne3 Bd3 40. Kg3 Kb5 41. h4 g4 42. Nd5 Ka4 43. Nf6 Ka3 44. Nxh5 Kxa2 45. Nf6 Kb3
46. Nd5 Be4 47. Nf6 Bf5 48. Nd5 Be6 49. Nc7 Bf7 50. Nb5 Be8 51. Nd6 Bc6 52. h5
Bd5 53. h6 Bg8 54. Kxg4 Kxc3 55. Kf5 Bh7+ 56. Kxe5 Kd3 57. Nxc4 1/2-1/2

[Event "Horse and Buggy 2"]
[Site "Elmira CAN"]
[Date "2022.09.10"]
[Round "3.8"]
[White "Colvin, Andrew"]
[Black "Hanratty, Brian"]
[Result "0-1"]
[WhiteElo "1942"]
[BlackElo "1917"]
[PlyCount "62"]
[EventDate "2022.09.10"]
[EventType "swiss"]
[EventRounds "5"]
[EventCountry "CAN"]

1. d4 Nf6 2. c4 g6 3. Nc3 Bg7 4. e4 d6 5. Nf3 O-O 6. Be2 Nc6 7. Be3 Ng4 8. Bg5
h6 9. Bh4 g5 10. Bg3 e5 11. d5 Ne7 12. h3 Nf6 13. Nd2 Ng6 14. Bg4 c6 15. f3 Nf4
16. Bxf4 exf4 17. Qb3 Nd7 18. Bxd7 Bxd7 19. O-O-O Rb8 20. Ndb1 c5 21. a4 a6 22.
Na3 Qa5 23. Rd3 f5 24. exf5 Bxf5 25. Rdd1 Qb4 26. Qa2 Bxc3 27. bxc3 Qxc3+ 28.
Nc2 b5 29. axb5 axb5 30. Qb2 Qxc4 31. Rhe1 Rfe8 0-1

[Event "Horse and Buggy 2"]
[Site "Elmira CAN"]
[Date "2022.09.11"]
[Round "4.1"]
[White "Liu, Henry"]
[Black "Qiao, Cindy"]
[Result "1-0"]
[WhiteElo "2029"]
[BlackElo "1906"]
[PlyCount "69"]
[EventDate "2022.09.10"]
[EventType "swiss"]
[EventRounds "5"]
[EventCountry "CAN"]

1. d4 d5 2. Bf4 Nf6 3. e3 e6 4. Nd2 c5 5. c3 Bd6 6. Ngf3 O-O 7. Ne5 Nc6 8. Bd3
Qc7 9. Nxc6 bxc6 10. Bg5 Ne8 11. e4 e5 12. dxe5 Bxe5 13. Nf3 f6 14. Be3 Qd6 15.
h3 Be6 16. O-O Bf4 17. Qd2 Bxe3 18. Qxe3 Nc7 19. Rfe1 Rad8 20. e5 fxe5 21. Qxe5
Qxe5 22. Rxe5 h6 23. Nh4 Rf6 24. Ng6 Kf7 25. Rae1 Re8 26. f4 Rxg6 27. Bxg6+
Kxg6 28. f5+ Kf6 29. fxe6 Nxe6 30. Kf2 d4 31. Rxc5 d3 32. Rxc6 d2 33. Rcxe6+
Rxe6 34. Rxe6+ Kxe6 35. Ke2 1-0

[Event "Horse and Buggy 2"]
[Site "Elmira CAN"]
[Date "2022.09.11"]
[Round "4.2"]
[White "Aniunoh, Chike"]
[Black "Deshpande, Sarthak"]
[Result "1/2-1/2"]
[WhiteElo "2205"]
[BlackElo "1908"]
[PlyCount "177"]
[EventDate "2022.09.10"]
[EventType "swiss"]
[EventRounds "5"]
[EventCountry "CAN"]

1. e4 c6 2. d3 d5 3. Nd2 e5 4. Ngf3 Bd6 5. g3 Nf6 6. Bg2 Na6 7. O-O O-O 8. Re1
Re8 9. c3 Qc7 10. Qc2 b5 11. Nf1 h6 12. Nh4 Bc5 13. Be3 Be7 14. Rad1 Be6 15.
Bc1 Ng4 16. Nf5 Bxf5 17. exf5 Bc5 18. d4 exd4 19. Rxe8+ Rxe8 20. cxd4 Bd6 21.
a3 Qb6 22. h3 Nf6 23. Be3 b4 24. Qa4 Qb5 25. Qxb5 cxb5 26. axb4 Nxb4 27. Ra1
Ra8 28. Ra5 a6 29. Nd2 Nc2 30. Nf1 Bb4 31. Ra2 a5 32. b3 Rc8 33. Bf3 Ne1 34.
Be2 Ne4 35. Ra1 Nc2 36. Ra2 Nxe3 37. Nxe3 Rc1+ 38. Kg2 Nc3 39. Rb2 Ba3 40. Rd2
Rb1 41. Bf3 Rxb3 42. Nxd5 Nxd5 43. Bxd5 Rb4 44. Bc6 Rb3 45. d5 Bd6 46. Re2 a4
47. Re8+ Kh7 48. Ra8 a3 49. Be8 g6 50. f6 Be5 51. Bxf7 Bxf6 52. Ra7 Bd4 53. d6
Rxg3+ 54. Kxg3 Bxa7 55. d7 Bb6 56. Kf4 Kg7 57. Bb3 Kf6 58. f3 Ke7 59. Ke5 Kxd7
60. Kd5 Kc7 61. Ba2 Kb7 62. Ke4 Ka6 63. Kd3 Kb7 64. Bd5+ Kc7 65. Kc3 Bc5 66.
Kb3 Kd6 67. Bf7 g5 68. Be8 Ke5 69. Bh5 Kf4 70. Ka2 Ke3 71. Kb3 Kd2 72. Bg6 Kc1
73. Bf5 b4 74. Bg6 Kd2 75. Bh5 Ke3 76. Ka2 Kf4 77. Kb3 Kg3 78. Bg4 Kh4 79. Ka2
h5 80. Be6 Kg3 81. Bf7 h4 82. Be6 Kxf3 83. Bg4+ Ke3 84. Be6 Kd2 85. Kb3 Kc1 86.
Bf5 Be7 87. Ka2 Bd6 88. Kb3 Bc5 89. Ka2 1/2-1/2

[Event "Horse and Buggy 2"]
[Site "Elmira CAN"]
[Date "2022.09.11"]
[Round "4.3"]
[White "Li, Hongyi"]
[Black "Ferreira, Alex"]
[Result "1-0"]
[WhiteElo "1915"]
[BlackElo "2025"]
[PlyCount "81"]
[EventDate "2022.09.10"]
[EventType "swiss"]
[EventRounds "5"]
[EventCountry "CAN"]

1. c4 c5 2. g3 Nc6 3. Bg2 g6 4. Nc3 Bg7 5. e3 d6 6. Nge2 h5 7. Nf4 h4 8. g4 e5
9. Nfd5 h3 10. Bf1 Rb8 11. Rg1 Be6 12. Rg3 a6 13. Rb1 Qd7 14. a3 Rh4 15. f3 b5
16. Rxh3 Rxh3 17. Bxh3 b4 18. axb4 cxb4 19. Na4 Bf6 20. d3 Bh4+ 21. Kf1 Nge7
22. e4 Nd4 23. b3 Bxd5 24. exd5 g5 25. Be3 Ng6 26. Bxd4 exd4 27. Qe2+ Kf8 28.
Qe4 Qa7 29. Kg1 Re8 30. Qf5 Qe7 31. Nb6 Qe3+ 32. Kh1 Re5 33. Nd7+ Kg7 34. Qf6+
Kg8 35. Qxd6 Re7 36. Nf6+ Kg7 37. Nh5+ Kf8 38. Qb8+ Re8 39. Qxb4+ Ne7 40. Qd6
Kg8 41. Qh6 1-0

[Event "Horse and Buggy 2"]
[Site "Elmira CAN"]
[Date "2022.09.11"]
[Round "4.4"]
[White "Qian, Eric"]
[Black "Lu, Tony"]
[Result "1/2-1/2"]
[WhiteElo "1975"]
[BlackElo "1812"]
[PlyCount "78"]
[EventDate "2022.09.10"]
[EventType "swiss"]
[EventRounds "5"]
[EventCountry "CAN"]

1. e4 e6 2. d4 d5 3. Nd2 Nf6 4. e5 Nfd7 5. Bd3 c5 6. c3 Nc6 7. Ne2 cxd4 8. cxd4
f6 9. exf6 Nxf6 10. O-O Bd6 11. Nf3 O-O 12. Bf4 Bxf4 13. Nxf4 Qd6 14. g3 Bd7
15. Re1 Rae8 16. Bf1 e5 17. dxe5 Nxe5 18. Nxe5 Rxe5 19. Qd4 Rfe8 20. Rxe5 Qxe5
21. Rd1 Bg4 22. Rd2 Qxd4 23. Rxd4 Bf3 24. Ng2 Kf7 25. Ne3 Rc8 26. Rf4 Be4 27.
f3 g5 28. Rxf6+ Kxf6 29. fxe4 dxe4 30. Nc4 Rd8 31. a4 Ke6 32. Kf2 Rf8+ 33. Ke2
Kd5 34. Nd2 Kd4 35. Bg2 Re8 36. Nb3+ Kc4 37. Na5+ Kd4 38. Nb3+ Kc4 39. Nd2+ Kd4
1/2-1/2

[Event "Horse and Buggy 2"]
[Site "Elmira CAN"]
[Date "2022.09.11"]
[Round "4.5"]
[White "Guan, Daniel"]
[Black "Jung, Hans"]
[Result "0-1"]
[WhiteElo "1310"]
[BlackElo "2177"]
[PlyCount "34"]
[EventDate "2022.09.10"]
[EventType "swiss"]
[EventRounds "5"]
[EventCountry "CAN"]

1. d4 d5 2. c4 e6 3. Nc3 Nf6 4. Bg5 Nbd7 5. e3 c5 6. dxc5 dxc4 7. c6 bxc6 8.
Bxc4 Qa5 9. Bxf6 Nxf6 10. Nge2 Rb8 11. Bb3 Ne4 12. Ba4 Bd7 13. Qd4 Rb4 14. Qd1
Rxb2 15. Qc1 Rxe2+ 16. Kxe2 Nxc3+ 17. Kd3 Nxa4 0-1

[Event "Horse and Buggy 2"]
[Site "Elmira CAN"]
[Date "2022.09.11"]
[Round "4.6"]
[White "Oancea, Nicolae"]
[Black "Joseph, Jonath"]
[Result "1-0"]
[WhiteElo "2084"]
[BlackElo "1709"]
[PlyCount "95"]
[EventDate "2022.09.10"]
[EventType "swiss"]
[EventRounds "5"]
[EventCountry "CAN"]

1. e4 e5 2. Nf3 Nc6 3. d4 exd4 4. Nxd4 Bc5 5. Nb3 Bb6 6. Nc3 Nf6 7. Bg5 h6 8.
Bh4 d6 9. Qe2 Be6 10. Nd5 g5 11. Bg3 Bxd5 12. exd5+ Ne7 13. O-O-O Qd7 14. Qf3
Nfxd5 15. Rxd5 Nxd5 16. Qxd5 O-O-O 17. Bd3 Kb8 18. Rd1 c6 19. Qf3 Bc7 20. Qf6
Qe6 21. Qc3 Rhe8 22. Kb1 h5 23. h4 d5 24. Nd4 Qg4 25. Be2 Rxe2 26. Nxe2 Qxe2
27. Re1 Qg4 28. Qf6 Rc8 29. Bxc7+ Kxc7 30. hxg5 Rd8 31. g3 Rd7 32. a3 Qc4 33.
f4 Qc5 34. Qe5+ Qd6 35. Qxd6+ Kxd6 36. Rh1 Ke6 37. Rxh5 Kf5 38. Kc1 Re7 39. Kd2
b5 40. Rh6 Kg4 41. Rh7 Kf5 42. Rg7 Ke4 43. g6 Re6 44. gxf7 Rf6 45. b4 Kf3 46.
g4 Rxf4 47. g5 Kg4 48. g6 1-0

[Event "Horse and Buggy 2"]
[Site "Elmira CAN"]
[Date "2022.09.11"]
[Round "4.7"]
[White "Hanratty, Brian"]
[Black "Demchenko, Kyrylo"]
[Result "0-1"]
[WhiteElo "1917"]
[BlackElo "2083"]
[PlyCount "48"]
[EventDate "2022.09.10"]
[EventType "swiss"]
[EventRounds "5"]
[EventCountry "CAN"]

1. f4 d5 2. Nf3 c5 3. e3 Nc6 4. Be2 Nf6 5. O-O g6 6. d3 Bg7 7. Nbd2 O-O 8. c3
Qb6 9. e4 Rd8 10. Qc2 Ng4 11. Qb3 Ne3 12. Qxb6 axb6 13. Rf2 d4 14. cxd4 Nxd4
15. a3 Ng4 16. Nc4 Nxf2 17. Kxf2 b5 18. Nxd4 bxc4 19. Nf3 cxd3 20. Bd1 Bg4 21.
Ke3 c4 22. Rb1 Ra6 23. Bd2 Bxf3 24. Bxf3 Bd4# 0-1

[Event "Horse and Buggy 2"]
[Site "Elmira CAN"]
[Date "2022.09.11"]
[Round "5.1"]
[White "Li, Hongyi"]
[Black "Liu, Henry"]
[Result "0-1"]
[WhiteElo "1915"]
[BlackElo "2029"]
[PlyCount "76"]
[EventDate "2022.09.10"]
[EventType "swiss"]
[EventRounds "5"]
[EventCountry "CAN"]

1. c4 c6 2. g3 d5 3. Bg2 Nf6 4. Nf3 Bf5 5. O-O Nbd7 6. d4 h6 7. Re1 e6 8. Nc3
Be7 9. Nd2 O-O 10. Qb3 Qb6 11. c5 Qxb3 12. axb3 e5 13. Nf3 exd4 14. Nxd4 Bg6
15. b4 a5 16. b5 Bxc5 17. bxc6 Bxd4 18. cxb7 Rab8 19. Nxd5 Nxd5 20. Bxd5 Nf6
21. Bf4 Nxd5 22. Bxb8 Rxb8 23. Rxa5 Nc7 24. Rd1 Bb6 25. Re5 Rxb7 26. h4 Ne6 27.
Rd2 Bd4 28. Rxe6 fxe6 29. Rxd4 Rxb2 30. e3 Kf7 31. f4 Bh5 32. e4 Bf3 33. Rd7+
Kf6 34. e5+ Kg6 35. Rd6 Bd5 36. Kf1 Kf5 37. h5 Ke4 38. Rd7 Ke3 0-1

[Event "Horse and Buggy 2"]
[Site "Elmira CAN"]
[Date "2022.09.11"]
[Round "5.2"]
[White "Qiao, Cindy"]
[Black "Aniunoh, Chike"]
[Result "1/2-1/2"]
[WhiteElo "1906"]
[BlackElo "2205"]
[PlyCount "57"]
[EventDate "2022.09.10"]
[EventType "swiss"]
[EventRounds "5"]
[EventCountry "CAN"]

1. d4 Nf6 2. Bf4 d6 3. Nc3 g6 4. e4 Bg7 5. Qd2 h6 6. h4 c6 7. O-O-O b5 8. f3 b4
9. Nce2 Na6 10. Kb1 Qa5 11. Nc1 Nh5 12. Bc4 Nxf4 13. Qxf4 d5 14. exd5 cxd5 15.
Nb3 Qc7 16. Bb5+ Kd8 17. Qe3 Rb8 18. Bd3 Rb6 19. Ne2 h5 20. Qf2 Nb8 21. g4 hxg4
22. fxg4 Bxg4 23. Nf4 Rf6 24. Rdf1 Bh6 25. Nxd5 Rxf2 26. Nxc7 Rxf1+ 27. Rxf1
Bh3 28. Rf3 Bg4 29. Rf1 1/2-1/2

[Event "Horse and Buggy 2"]
[Site "Elmira CAN"]
[Date "2022.09.11"]
[Round "5.3"]
[White "Jung, Hans"]
[Black "Lu, Tony"]
[Result "1/2-1/2"]
[WhiteElo "2177"]
[BlackElo "1812"]
[PlyCount "82"]
[EventDate "2022.09.10"]
[EventType "swiss"]
[EventRounds "5"]
[EventCountry "CAN"]

1. Nc3 d5 2. e4 d4 3. Nce2 c5 4. Ng3 Nc6 5. f4 e5 6. fxe5 Nxe5 7. Nf3 Bd6 8.
Bb5+ Bd7 9. Bxd7+ Qxd7 10. Nf5 g6 11. Nxd6+ Qxd6 12. O-O Ne7 13. d3 N7c6 14.
Bf4 Rf8 15. c3 O-O-O 16. cxd4 Nxf3+ 17. Rxf3 Qxd4+ 18. Be3 Qxd3 19. Qxd3 Rxd3
20. Bxc5 Rxf3 21. gxf3 Rd8 22. Be3 a6 23. Rc1 Rd3 24. Kf2 Kd7 25. Ke2 Rd6 26.
Bc5 Re6 27. Ke3 Kc7 28. f4 Re8 29. e5 b6 30. Bd6+ Kb7 31. Ke4 Rc8 32. Rc3 Nd8
33. Rh3 Rc4+ 34. Ke3 Ne6 35. Rf3 Ng7 36. Kd3 Rc6 37. Bb4 Nf5 38. Bc3 Rc7 39.
Ke4 Rc4+ 40. Kd3 Rc7 41. Ke4 Rc4+ 1/2-1/2

[Event "Horse and Buggy 2"]
[Site "Elmira CAN"]
[Date "2022.09.11"]
[Round "5.4"]
[White "Ferreira, Alex"]
[Black "Deshpande, Sarthak"]
[Result "1/2-1/2"]
[WhiteElo "2025"]
[BlackElo "1908"]
[PlyCount "119"]
[EventDate "2022.09.10"]
[EventType "swiss"]
[EventRounds "5"]
[EventCountry "CAN"]

1. e4 c6 2. d3 d5 3. Nd2 e5 4. g3 Nf6 5. Bg2 Bc5 6. Ngf3 Nbd7 7. O-O O-O 8. Qe2
Re8 9. h3 Qc7 10. Kh2 Nf8 11. Re1 Qb6 12. Rf1 Ng6 13. c3 Qa6 14. b4 Bd6 15. Re1
dxe4 16. dxe4 Qxe2 17. Rxe2 b6 18. a3 a5 19. Bb2 Ba6 20. Ree1 axb4 21. cxb4 c5
22. Bc3 Bd3 23. Re3 Bb5 24. Nb3 Bc4 25. Nfd2 Bxb3 26. Nxb3 c4 27. Nd2 b5 28. a4
Rec8 29. a5 Ne7 30. Rb1 Nc6 31. Ree1 Ne8 32. Nf1 Ra7 33. Ne3 Nc7 34. Red1 Be7
35. Nd5 Bf8 36. f4 f6 37. Bf3 Nxd5 38. exd5 Nd4 39. Bg4 Rd8 40. Bxd4 exd4 41.
Rxd4 Rc7 42. Kg2 c3 43. Rc1 Rc4 44. Be6+ Kh8 45. Rxc4 bxc4 46. Rxc3 Bxb4 47.
Rxc4 Bxa5 48. Rc5 Bb4 49. Rb5 Bd6 50. Kf3 Rb8 51. Rxb8+ Bxb8 52. Ke4 g6 53. g4
Kg7 54. f5 g5 55. Kd4 Bd6 56. Kc4 Kf8 57. Kb5 Ke7 58. Kc6 h6 59. Bg8 Be5 60.
Be6 1/2-1/2

[Event "Horse and Buggy 2"]
[Site "Elmira CAN"]
[Date "2022.09.11"]
[Round "5.5"]
[White "Qian, Eric"]
[Black "Oancea, Nicolae"]
[Result "1-0"]
[WhiteElo "1975"]
[BlackElo "2084"]
[PlyCount "173"]
[EventDate "2022.09.10"]
[EventType "swiss"]
[EventRounds "5"]
[EventCountry "CAN"]

1. e4 e6 2. d4 d5 3. Nd2 c5 4. exd5 Qxd5 5. Ngf3 cxd4 6. Bc4 Qd6 7. O-O Nc6 8.
Nb3 Nf6 9. Nbxd4 Nxd4 10. Nxd4 Bd7 11. Be3 a6 12. Qf3 Qc7 13. Bd3 Bd6 14. h3
O-O 15. c3 Rfe8 16. Bg5 Nd5 17. Be4 Rab8 18. Bxd5 exd5 19. Nf5 Bxf5 20. Qxf5
Re5 21. Qg4 Re4 22. Qf3 Rbe8 23. Rad1 h6 24. Be3 Qc4 25. a3 Be5 26. Rd2 d4 27.
cxd4 Bxd4 28. b3 Qc3 29. Rxd4 Rxd4 30. Bxd4 Qxd4 31. Qxb7 Re6 32. Qc8+ Kh7 33.
Qc2+ g6 34. Rd1 Qf4 35. Qd3 Qe5 36. g3 Qb2 37. a4 Rb6 38. Rb1 Qe5 39. b4 Rd6
40. Qc4 Qf6 41. Kg2 Rd4 42. Qc5 Rd3 43. b5 Qf3+ 44. Kg1 axb5 45. axb5 Rd5 46.
Qc7 Qf5 47. Kg2 Kg8 48. Qc6 Rc5 49. Qe8+ Kg7 50. Rb4 Rc1 51. Qd8 Rc8 52. Qd4+
Kh7 53. b6 Rb8 54. b7 Qe6 55. Qb6 Qd5+ 56. Kh2 Qf3 57. Rb2 Qc3 58. Kg2 Qe5 59.
h4 Qe4+ 60. Kh2 Qe5 61. Qb5 Qe4 62. Qb4 Qe5 63. Qb6 h5 64. Qb5 Qe4 65. Qd7 Qf3
66. Qc7 Re8 67. b8=Q Re1 68. Qxf7+ Qxf7 69. Rc2 Re7 70. Qd6 Rd7 71. Qe5 Re7 72.
Qd4 Qf5 73. Rb2 Rf7 74. Kg1 Rd7 75. Qe3 Qh3 76. Qe2 Qf5 77. Rb8 Rf7 78. Re8 Qd7
79. Ra8 Re7 80. Qb2 Rg7 81. Qb8 Kh6 82. Qf4+ Kh7 83. Qf8 Kh6 84. Qh8+ Rh7 85.
Qf6 Qd1+ 86. Kh2 Qd2 87. Rg8 1-0

[Event "Horse and Buggy 2"]
[Site "Elmira CAN"]
[Date "2022.09.11"]
[Round "5.6"]
[White "Demchenko, Kyrylo"]
[Black "Guan, Daniel"]
[Result "1/2-1/2"]
[WhiteElo "2083"]
[BlackElo "1310"]
[PlyCount "108"]
[EventDate "2022.09.10"]
[EventType "swiss"]
[EventRounds "5"]
[EventCountry "CAN"]

1. e4 c5 2. Nc3 Nc6 3. f4 d6 4. Nf3 Nf6 5. Bb5 Bd7 6. O-O a6 7. Bxc6 Bxc6 8.
Re1 e6 9. d4 cxd4 10. Qxd4 d5 11. exd5 Nxd5 12. f5 Nc7 13. fxe6 Nxe6 14. Qe5
Bxf3 15. gxf3 Qd6 16. Bf4 Qxe5 17. Bxe5 Bc5+ 18. Kh1 O-O-O 19. Rad1 Rxd1 20.
Rxd1 Rd8 21. Nd5 f6 22. Bg3 Nd4 23. c4 Nxf3 24. b4 Bd6 25. Nb6+ Kc7 26. Rxd6
Rxd6 27. c5 Ne5 28. Bxe5 fxe5 29. Na8+ Kc6 30. cxd6 Kxd6 31. Kg2 Kc6 32. a4 Kd5
33. Nb6+ Kd4 34. Kf2 Kc3 35. b5 axb5 36. axb5 Kb4 37. Nd7 Kxb5 38. Nxe5 Kb4 39.
Ke3 Kc3 40. Nd7 b5 41. Nf8 b4 42. Nxh7 b3 43. Ng5 b2 44. Ne4+ Kc4 45. Nd2+ Kc3
46. h4 g6 47. Nb1+ Kc2 48. Na3+ Kb3 49. Nb1 Kc2 50. Nd2 Kc3 51. Ke2 Kd4 52. Kd1
Ke3 53. Kc2 Kf4 54. Kxb2 Kg4 1/2-1/2

[Event "Horse and Buggy 2"]
[Site "Elmira CAN"]
[Date "2022.09.11"]
[Round "5.7"]
[White "Joseph, Jonath"]
[Black "Hanratty, Brian"]
[Result "0-1"]
[WhiteElo "1709"]
[BlackElo "1917"]
[PlyCount "118"]
[EventDate "2022.09.10"]
[EventType "swiss"]
[EventRounds "5"]
[EventCountry "CAN"]

1. e4 c5 2. Nf3 d6 3. d4 cxd4 4. Nxd4 Nf6 5. Nc3 g6 6. f3 Bg7 7. Be3 O-O 8. Qd2
Nc6 9. O-O-O Bd7 10. g4 Rc8 11. h4 h5 12. Be2 hxg4 13. Rdg1 Ne5 14. fxg4 Nexg4
15. h5 Rxc3 16. Qxc3 Nxe4 17. Qa3 Nxe3 18. Qxe3 Qb6 19. c3 d5 20. h6 Bf6 21.
Bf3 Bxd4 22. cxd4 Bf5 23. b3 a5 24. Kb2 a4 25. Rc1 axb3 26. axb3 Kh7 27. Rhd1
Qd6 28. Bxe4 Bxe4 29. Rf1 Bf5 30. Qe5 Qxe5 31. dxe5 e6 32. Rc7 b5 33. Rh1 d4
34. Rh2 g5 35. Rd7 d3 36. Ka3 Kg6 37. h7 Rh8 38. Kb4 g4 39. Kxb5 Rxh7 40. Rg2
Kg5 41. Rd4 f6 42. exf6 Kxf6 43. Kc5 e5 44. Rd8 Rc7+ 45. Kb4 Kg5 46. Rg8+ Kf4
47. Rf2+ Ke4 48. Rg5 Be6 49. Rg6 Rb7+ 50. Kc5 Bxb3 51. Rxg4+ Ke3 52. Rfg2 Rf7
53. Kb4 Bd5 54. R4g3+ Rf3 55. Kc3 Rxg3 56. Rxg3+ Bf3 57. Rg5 e4 58. Re5 d2 59.
Rxe4+ Bxe4 0-1

[Event "Horse and Buggy 2 U2000"]
[Site "Elmira CAN"]
[Date "2022.09.10"]
[Round "1.12"]
[White "Supsup, Ferdinand"]
[Black "Armstrong, Robert J"]
[Result "1-0"]
[WhiteElo "1907"]
[BlackElo "1595"]
[PlyCount "53"]
[EventDate "2022.09.10"]
[EventType "swiss"]
[EventRounds "5"]
[EventCountry "CAN"]

1. a3 f5 2. e3 Nf6 3. b4 e6 4. Bb2 Be7 5. g3 O-O 6. Bg2 Ne4 7. Ne2 Bf6 8. d4 d5
9. Nd2 b6 10. Nf4 Bd7 11. Rc1 c5 12. c4 cxb4 13. cxd5 bxa3 14. Bxa3 Be7 15.
Bxe7 Qxe7 16. Nxe4 fxe4 17. Bxe4 Qb4+ 18. Kf1 Bb5+ 19. Kg2 e5 20. Ne6 Nd7 21.
Nxf8 Rxf8 22. Rb1 Qc4 23. Qc2 Nf6 24. f3 Nxd5 25. Bxd5+ Qxd5 26. e4 Qd7 27.
Qb3+ 1-0

[Event "Horse and Buggy 2 U2000"]
[Site "Elmira CAN"]
[Date "2022.09.10"]
[Round "1.13"]
[White "Steinhauser, Oscar"]
[Black "Khan, Riley"]
[Result "1/2-1/2"]
[WhiteElo "1594"]
[BlackElo "1907"]
[PlyCount "128"]
[EventDate "2022.09.10"]
[EventType "swiss"]
[EventRounds "5"]
[EventCountry "CAN"]

1. c4 e6 2. Nc3 Nf6 3. g3 c5 4. Bg2 Nc6 5. Nf3 Be7 6. O-O O-O 7. d4 cxd4 8.
Nxd4 a6 9. e4 d6 10. Nxc6 bxc6 11. e5 dxe5 12. Bxc6 Rb8 13. Qe2 Qc7 14. Bg2 Bb7
15. Bxb7 Rxb7 16. b3 Rd8 17. Bb2 Qc6 18. Rad1 Bd6 19. Rfe1 Rbd7 20. Ne4 Nxe4
21. Qxe4 Qxe4 22. Rxe4 f6 23. Re2 Bc5 24. Rxd7 Rxd7 25. Kg2 Rd3 26. Bc1 Kf7 27.
Be3 Bb4 28. Rc2 Ke7 29. Kf3 f5 30. h4 Kd7 31. Ke2 e4 32. f3 Kc6 33. fxe4 fxe4
34. c5 Rc3 35. Rxc3 Bxc3 36. Bf4 Kxc5 37. Ke3 Kd5 38. g4 e5 39. Bg5 Bd4+ 40.
Ke2 Bc5 41. Be3 Bd4 42. Kd2 Kc5 43. Bg5 Kb4 44. Be7+ Bc5 45. a3+ Kb5 46. Bxc5
Kxc5 47. Ke3 Kd5 48. g5 g6 49. b4 Kc4 50. Kxe4 Kb3 51. Kxe5 Kxa3 52. Kf6 Kxb4
53. Kg7 a5 54. Kxh7 a4 55. Kxg6 a3 56. Kh7 a2 57. g6 a1=Q 58. g7 Qa7 59. h5 Qf7
60. h6 Kc5 61. Kh8 Qf6 62. Kh7 Qf7 63. Kh8 Qf6 64. Kh7 Qf7 1/2-1/2

[Event "Horse and Buggy 2 U2000"]
[Site "Elmira CAN"]
[Date "2022.09.10"]
[Round "1.14"]
[White "Shah, Omar"]
[Black "Gao, Heye"]
[Result "0-1"]
[WhiteElo "1856"]
[BlackElo "1588"]
[PlyCount "78"]
[EventDate "2022.09.10"]
[EventType "swiss"]
[EventRounds "5"]
[EventCountry "CAN"]

1. Nf3 Nf6 2. c4 e6 3. e3 d5 4. Be2 c5 5. O-O Bd6 6. d4 Nc6 7. b3 O-O 8. Bb2 b6
9. Nbd2 Bb7 10. a3 Rc8 11. Rc1 Qe7 12. cxd5 exd5 13. dxc5 Bxc5 14. b4 Bd6 15.
Qa4 Ne4 16. Rfd1 Rfd8 17. Nb3 Re8 18. Bb5 Qe6 19. Nbd4 Nxd4 20. Nxd4 Qf6 21. f3
Bxh2+ 22. Kf1 Ng3+ 23. Kf2 Red8 24. Qxa7 Qh4 25. Qxb7 Ne4+ 26. Ke2 Qf2+ 27. Kd3
Qxb2 28. fxe4 Rxc1 29. Rxc1 dxe4+ 30. Kxe4 Qxc1 31. Qxb6 Rb8 32. Qa6 Bg1 33.
Nf5 Qc2+ 34. Ke5 f6+ 35. Kd6 Qxf5 36. Bc4+ Kh8 37. Be6 Qe5+ 38. Ke7 Bxe3 39. a4
Bb6 0-1